I ragazzi della 56. strada /

Uloženo v:
Podrobná bibliografie
Hlavní autor: Coppola, Carmine, (1910-1991) (Skladatel)
Další autoři: Burum, Stephen H. (Fotograf), Macchio, Ralph (Herec), Knutsen Rowell, Kathleen (Scénárista), Coppola, Francis Ford (Režisér), Dillon, Matt (Herec), Lowe, Rob (Herec), Swayze, Patrick (Herec), Cruise, Tom (Herec), Lane, Diane (Herec), Estévez, Emilio (Herec)
Médium: Video
Jazyk:italština
Vydáno: [Roma] : L'Unità, [1996?]
Tagy: Přidat tag
Žádné tagy, Buďte první, kdo vytvoří štítek k tomuto záznamu!

MARC

LEADER 00000ngm a22000007i 4500
001 IT\ICCU\RAV\0279481
003 ItRI
005 20260124182825.0
008 960924s1996 it |||||||||||||||k|||||c
040 |b ita 
041 7 |a ita  |2 ISO-639-2 
082 |a 791.43616D  |9 CINEMA. TIPI DI FILM. FILM DRAMMATICI  |2 20 
130 4 |a The outsiders <film ; 1983>  |3 IT\ICCU\RAV\1628309 
245 0 2 |a I ragazzi della 56. strada /  |c regia Francis Ford Coppola ; sceneggiatura Kathleen Knutsen Rowell ; tratto dal romanzo di S. E. Hinton ; musica Carmine Coppola ; fotografia Stephen H. Burum. 
246 1 3 |a I ragazzi della cinquantaseiesima strada.  |9 IT\ICCU\RAV\0148766 
260 |a [Roma] :  |b L'Unità,  |c [1996?] 
300 |a 1 videocassetta (VHS) (88 min.) :  |b color., sonor 
500 |a Titolo del contenitore 
500 |a Film del 1983, USA; interpreti: Matt Dillon, Ralph Macchio, Patrick Swayze, Rob Lowe, Emilio Estevez, Tom Cruise, Diane Lane 
500 |a Supplemento a: L'Unità. 
500 |a Tit. sviluppato  |0 IT\ICCU\RAV\0148766 
500 |a prima distribuzione 25.03.1983  |0 IT\ICCU\RAV\1628309 
700 1 |a Hinton, S. E.  |0 IT\ICCU\CFIV\005517  |4 ant 
700 1 |a Burum, Stephen H.  |0 IT\ICCU\LO1V\299417  |4 pht 
700 1 |a Macchio, Ralph  |0 IT\ICCU\MODV\128365  |4 act 
700 1 |a Knutsen Rowell, Kathleen  |0 IT\ICCU\MODV\310454  |4 sce 
700 1 |a Coppola, Francis Ford  |0 IT\ICCU\NAPV\084205  |4 drt 
700 1 |a Coppola, Carmine,  |d  (1910-1991)  |0 IT\ICCU\RAVV\089813  |4 cmp 
700 1 |a Dillon, Matt  |0 IT\ICCU\RAVV\090334  |4 act 
700 1 |a Lowe, Rob  |0 IT\ICCU\RAVV\094770  |4 act 
700 1 |a Swayze, Patrick  |0 IT\ICCU\RAVV\097466  |4 act 
700 1 |a Cruise, Tom  |0 IT\ICCU\RAVV\097467  |4 act 
700 1 |a Lane, Diane  |0 IT\ICCU\UBOV\493937  |4 act 
700 1 |a Estévez, Emilio  |0 IT\ICCU\UBOV\494650  |4 act 
790 1 |a Hinton, Susan Eloise  |3 IT\ICCU\CFIV\265919  |z Hinton, S. E. 
790 1 |a Ford Coppola, Francis  |3 IT\ICCU\SBNV\039819  |z Coppola, Francis Ford 
942 |2 ddc  |c VM  |n 0 
952 |0 0  |1 0  |4 0  |6 VO_939_000000000000000  |7 0  |9 26890  |a BO  |b BO  |d 2026-01-24  |i 7902  |l 0  |o VO 939  |p BO7902  |r 2026-01-24 18:28:25  |w 2026-01-24  |x [Sebina 5] [1 videocassetta]  |y VM  |z 1 videocassetta 
999 |c 22744  |d 22744